000
00345 a2200157 4500
001
69076
020
_a
9781409301776
040
_c
Anchieta - Itaigara
100
_a
Clark, Lesley
240
1
0
_a
What´s the time?
_l
Ing
245
1
0
_a
What´s the time?
300
_a
27
362
0
_a
0
650
4
_a
Literatura infantil em inglês
942
_c
BK
999
_c
69076
_d
69076